00667nam a22002057a 450000500170000001000150001702000260003203500140005803700090007208200080008110000180008924501130010726000650022027000860028530000200037149000130039165000120040470000250041670000200044120240618155726.0 aENG-140637 a9789353166434c595.00 aEN-124169 aDBAD a530 aMishra, Vijay aTopicwise Question bank in Physics for NEET and AIIMS/cVijay Mishra; Satyendra Tripathi [and] Aayush Sharma aChennaibMcGraw Hill Education (India) Private Limitedc2019 a444/1, Sri Ekambara Naicker Industrial Estate, Alapakkam, ProrurbChennaie600116 aVp.c28 cm (pb) vvolume 2 aPhysics aTripathi , Satyendra aSharma , Aayush